El poder y la sangre : guerra, estado y nación en la década de 1860 /
Kaydedildi:
| Diğer Yazarlar: | , |
|---|---|
| Materyal Türü: | Elektronik Ekitap |
| Dil: | İspanyolca |
| Baskı/Yayın Bilgisi: |
México, D.F. :
El Colegio de México,
2014.
|
| Edisyon: | Primera edición electrónica. |
| Konular: | |
| Online Erişim: | Digitalia Hispánica |
| Etiketler: |
Etiketle
Etiket eklenmemiş, İlk siz ekleyin!
|
MARC
| LEADER | 00000nam a2200000Ii 4500 | ||
|---|---|---|---|
| 001 | DIGCOLMX0136 | ||
| 003 | NyNyDIG | ||
| 007 | cr ||||||||||| | ||
| 008 | 211218s2014 mx ab ob 001 0 spa d | ||
| 006 | m o d | ||
| 035 | |a (OCoLC)911180216 | ||
| 040 | |a DGITA |b eng |e rda |e pn |c DGITA | ||
| 020 | |a 9786074626735 |q eBook | ||
| 020 | |z 9786074625615 | ||
| 043 | |a n------ |a n-us--- |a s------ |a n-mx--- |a e------ | ||
| 050 | 1 | 4 | |a D358 ebook |
| 082 | 1 | 4 | |a 970.04 |
| 245 | 0 | 3 | |a El poder y la sangre : |b guerra, estado y nación en la década de 1860 / |c Guillermo Palacios y Erika Pani (coordinadores). |
| 250 | |a Primera edición electrónica. | ||
| 264 | 1 | |a México, D.F. : |b El Colegio de México, |c 2014. | |
| 300 | |a 1 online resource : |b illustrations, maps. | ||
| 336 | |a text |b txt |2 rdacontent | ||
| 337 | |a computer |b c |2 rdamedia | ||
| 338 | |a online resource |b cr |2 rdacarrier | ||
| 347 | |a text file |2 rdaft | ||
| 347 | |b EPUB | ||
| 500 | |a "Centro de Estudios Históricos." | ||
| 504 | |a Includes bibliographical references and index. | ||
| 588 | 0 | |a Online resource; title from ePub title page (Digitalia, viewed December 18, 2021) | |
| 650 | 0 | |a History, Modern |y 19th century. | |
| 651 | 0 | |a North America |x History |y 19th century. | |
| 651 | 0 | |a South America |x History |y 19th century. | |
| 651 | 0 | |a Europe |x History |y 1789-1900. | |
| 651 | 0 | |a United States |x History |y 1815-1861. | |
| 651 | 0 | |a United States |x History |y Civil War, 1861-1865. | |
| 651 | 0 | |a Mexico |x History |y European intervention, 1861-1867. | |
| 655 | 0 | |a Electronic books. | |
| 700 | 1 | |a Palacios, Guillermo, |e editor. | |
| 700 | 1 | |a Pani, Erika, |e editor. | |
| 791 | 2 | |a Digitalia (Firm), |e distributor. | |
| 793 | 0 | |g Digitalia eBook Collection: |a El Colegio de México | |
| 776 | 0 | 8 | |i Print version: |t Poder y la sangre. |b Primera edición. |d México, D.F. : El Colegio de México, 2014 |z 9786074625615 |
| 856 | 4 | 0 | |3 Digitalia Hispánica |u https://digitalia.unach.elogim.com/a/105496/ |
| 910 | |a Premium collection: 2022 | ||